000
00521nam a2200169Ia 4500
008
090711s9999 xx 000 0 und d
082
_b
64440
100
_a
हरकारे अरुण
245
_a
कर्तव्य आणि पैसा
260
_c
1987
300
_a
175
600
_a
हरकारे अरुण
630
_a
कर्तव्य आणि पैसा
700
_a
हरकारे अरुण
730
_a
कर्तव्य आणि पैसा
942
_c
BOOK
999
_c
298730
_d
298730